Management international review journal of international business

Gespeichert in:
Bibliographische Detailangaben
Format: Schriftenreihe
Sprache:Englisch
Veröffentlicht: Wiesbaden Betriebswirtschaftlicher Verlag 1979
Schlagworte:
Tags: Tag hinzufügen
Keine Tags, Fügen Sie das erste Tag hinzu!

MARC

LEADER 00000nas2a2200000 4500
001 0013920
005 20250730114323.7
022 |a 0025-181X 
041 0 |a eng 
044 |a DE 
245 1 0 |a Management international review  |b journal of international business 
264 1 |a Wiesbaden  |b Betriebswirtschaftlicher Verlag  |c 1979 
300 |a 1 zv. 
773 0 |w eu_un_cat*s123494 
610 2 0 |a manažment 
610 2 0 |a podnikanie